[Event "II Open I Like Elo"]
[Site "Roma ITA"]
[Date "2009.02.11"]
[Round "5"]
[White "Quimi, Marco"]
[Black "Castelfranchi, Carlo"]
[Result "1-0"]
[WhiteElo "2245"]
[BlackElo "2081"]
[PlyCount "93"]
[EventDate "2009.01.14"]

1. d4 Nf6 2. Nf3 g6 3. Bf4 Bg7 4. Nbd2 d5 5. e3 O-O 6. h3 c5 7. Be2 Nc6 8. c3
Qb6 9. Qb3 c4 10. Qxb6 axb6 11. O-O b5 12. a3 Re8 13. Rfe1 Nd7 14. e4 Nb6 15.
Bd1 b4 16. Bc7 bxc3 17. bxc3 dxe4 18. Bxb6 exf3 19. Bxf3 Ra4 20. Bd5 Bf5 21.
Nxc4 Rc8 22. Ne3 Bd7 23. Bc5 b6 24. Bxb6 e5 25. Bxc6 Rxc6 26. Nd5 Re6 27. Bc5
exd4 28. Nb6 Ra7 29. cxd4 Rc7 30. Nxd7 Rxd7 31. Rxe6 fxe6 32. a4 Bxd4 33. Bxd4
Rxd4 34. a5 Rd7 35. a6 Ra7 36. Kf1 Kf7 37. Ke2 Ke7 38. Ke3 Kd6 39. Ke4 e5 40.
h4 Kc5 41. Ra5+ Kd6 42. g4 h6 43. f3 g5 44. h5 Ke6 45. Rxe5+ Kf6 46. Rf5+ Ke6
47. Ra5 1-0

[Event "II Open I Like Elo"]
[Site "Roma ITA"]
[Date "2009.02.11"]
[Round "5"]
[White "Simeone, Giulio"]
[Black "Vanzan, Alessandro"]
[Result "1-0"]
[WhiteElo "1983"]
[BlackElo "1788"]
[PlyCount "93"]
[EventDate "2009.01.14"]

1. e4 c5 2. Nc3 d6 3. f4 Nf6 4. Nf3 Nc6 5. Bb5 Bd7 6. O-O g6 7. Qe1 Bg7 8. d3
O-O 9. e5 dxe5 10. fxe5 Ng4 11. Bf4 a6 12. Bxc6 bxc6 13. h3 Nh6 14. g4 Qc8 15.
Qh4 Nxg4 16. hxg4 Bxg4 17. Ng5 h5 18. Nce4 f6 19. exf6 exf6 20. Bd6 fxg5 21.
Qxg5 Bd4+ 22. Kh2 Rxf1 23. Rxf1 Bf5 24. c3 Bg7 25. Nxc5 Kh7 26. Re1 Qd8 27. Qg3
Bf6 28. Ne6 Qg8 29. Ng5+ Kh8 30. Be5 Qg7 31. Bxf6 Qxf6 32. Qe3 Qd6+ 33. Kg1 Rf8
34. d4 Qf6 35. Nf3 g5 36. Ne5 g4 37. Rf1 Qe6 38. Qg5 c5 39. Qxh5+ Kg7 40. Qg5+
Kh7 41. Rf2 g3 42. Rf4 Rf6 43. Rh4+ Rh6 44. Rxh6+ Qxh6 45. Qxf5+ Kg7 46. Qf7+
Kh8 47. Ng6+ 1-0

[Event "II Open I Like Elo"]
[Site "Roma ITA"]
[Date "2009.02.18"]
[Round "6"]
[White "Attanasi, Salvatore"]
[Black "Tognotti, Andrea"]
[Result "1-0"]
[WhiteElo "1858"]
[BlackElo "1609"]
[PlyCount "49"]
[EventDate "2009.01.14"]

1. e4 c5 2. d4 cxd4 3. c3 d3 4. c4 Nf6 5. Bxd3 e6 6. Nc3 d6 7. Nf3 Be7 8. O-O
O-O 9. h3 Nbd7 10. Be3 b6 11. Rc1 Bb7 12. b4 d5 13. cxd5 exd5 14. exd5 Bxb4 15.
Bg5 Qb8 16. Nb5 Nxd5 17. Bh4 Rc8 18. Rxc8+ Qxc8 19. Nbd4 N7f6 20. Qb1 Nc3 21.
Qxb4 Nxa2 22. Qb2 Bd5 23. Nf5 Qb7 24. Bxf6 gxf6 25. Qxf6 1-0

[Event "II Open I Like Elo"]
[Site "Roma ITA"]
[Date "2009.02.18"]
[Round "6"]
[White "Castelfranchi, Carlo"]
[Black "Arabito, Giuseppe"]
[Result "1-0"]
[WhiteElo "2081"]
[BlackElo "1905"]
[PlyCount "61"]
[EventDate "2009.01.14"]

1. e4 e5 2. Nf3 Nc6 3. Bb5 a6 4. Ba4 Nf6 5. d4 exd4 6. O-O Be7 7. Re1 O-O 8. e5
Nd5 9. Bb3 Nb6 10. Nxd4 Na5 11. Nf5 Nxb3 12. axb3 d5 13. exd6 Bxd6 14. Nxd6
Qxd6 15. Qxd6 cxd6 16. Bf4 Bf5 17. Bxd6 Rfe8 18. Na3 Nd5 19. c4 Nf6 20. f3 h5
21. Kf2 Rad8 22. Rad1 Nh7 23. c5 f6 24. Rxe8+ Rxe8 25. Rd5 Bg6 26. Nc4 Bf7 27.
Rd4 Be6 28. Na5 Bc8 29. Rb4 b5 30. cxb6 Rd8 31. b7 1-0

[Event "II Open I Like Elo"]
[Site "Roma ITA"]
[Date "2009.02.18"]
[Round "6"]
[White "Colantonio, Marco"]
[Black "Mammoliti, Francesco"]
[Result "1-0"]
[WhiteElo "1695"]
[BlackElo "1752"]
[PlyCount "50"]
[EventDate "2009.01.14"]

1. e4 c5 2. c3 d5 3. exd5 Qxd5 4. d4 Nf6 5. Nf3 e6 6. Be2 cxd4 7. Qxd4 Nc6 8.
Qxd5 Nxd5 9. O-O Be7 10. c4 Ndb4 11. Nc3 O-O 12. a3 Nc2 13. Ra2 N2d4 14. Nxd4
Nxd4 15. Bd3 Bd7 16. Be3 e5 17. b4 Nf5 18. Nd5 Bd6 19. Bxf5 Bxf5 20. c5 Bb8 21.
Ne7+ Kh8 22. Nxf5 a5 23. b5 a4 24. Rd1 Re8 25. Rad2 g6 1-0

[Event "II Open I Like Elo"]
[Site "Roma ITA"]
[Date "2009.02.18"]
[Round "6"]
[White "De Lisa, Carmine"]
[Black "Ciuchi, Francesco"]
[Result "1-0"]
[WhiteElo "1734"]
[BlackElo "1524"]
[PlyCount "51"]
[EventDate "2009.01.14"]

1. e4 e5 2. Nf3 Nc6 3. Bb5 a6 4. Ba4 Nf6 5. O-O Be7 6. Re1 b5 7. Bb3 d6 8. h3
O-O 9. c3 Na5 10. Bc2 c5 11. d4 Qc7 12. d5 Ne8 13. Nbd2 f5 14. exf5 Bxf5 15.
Ne4 Nf6 16. Neg5 Bxc2 17. Qxc2 Qb7 18. Ne6 Rfe8 19. Nfg5 h6 20. Qg6 Bf8 21. Ne4
Nxe4 22. Rxe4 Qxd5 23. Nc7 Qd1+ 24. Kh2 Red8 25. Nxa8 Rxa8 26. Rg4 1-0

[Event "II Open I Like Elo"]
[Site "Roma ITA"]
[Date "2009.02.18"]
[Round "6"]
[White "Di Mauro, Giuseppe"]
[Black "Giuliani, Sante"]
[Result "1/2-1/2"]
[WhiteElo "1943"]
[BlackElo "1935"]
[PlyCount "37"]
[EventDate "2009.01.14"]

1. c4 e5 2. Nc3 Nc6 3. Nf3 Nf6 4. d4 exd4 5. Nxd4 Bb4 6. Bg5 h6 7. Bh4 O-O 8.
Rc1 Nxd4 9. Qxd4 c5 10. Qd6 g5 11. Bg3 Ne4 12. Qxh6 Qb6 13. Qh5 Bxc3+ 14. bxc3
Qb2 15. Bf4 gxf4 16. Qg4+ Kh8 17. Qh5+ Kg7 18. Qg4+ Kh8 19. Qh5+ 1/2-1/2

[Event "II Open I Like Elo"]
[Site "Roma ITA"]
[Date "2009.02.18"]
[Round "6"]
[White "Iacuitti, Dario"]
[Black "Capitani, Roberto"]
[Result "0-1"]
[WhiteElo "1380"]
[BlackElo "1606"]
[PlyCount "60"]
[EventDate "2009.01.14"]

1. e4 c6 2. Nf3 d5 3. exd5 cxd5 4. d4 Nf6 5. Nc3 Nc6 6. Bb5 Bg4 7. Be3 g6 8. h3
Be6 9. Na4 Qa5+ 10. Nc3 Bg7 11. Ng5 Bd7 12. Bd2 Qb6 13. Be3 a6 14. Be2 Qxb2 15.
Rb1 Qxc3+ 16. Bd2 Qxd4 17. Rxb7 Ne4 18. Nxe4 Qxe4 19. O-O O-O 20. Bd3 Qe6 21.
Re1 Qd6 22. g3 Rfb8 23. Rxb8+ Qxb8 24. h4 h5 25. f3 Nb4 26. Be2 Bf5 27. c3 Nxa2
28. g4 Qg3+ 29. Kh1 hxg4 30. fxg4 Be5 0-1

[Event "II Open I Like Elo"]
[Site "Roma ITA"]
[Date "2009.02.18"]
[Round "6"]
[White "Lorenzi, Bruno"]
[Black "Belli, Alessandro"]
[Result "1-0"]
[WhiteElo "1700"]
[BlackElo "1517"]
[PlyCount "89"]
[EventDate "2009.01.14"]

1. e4 c6 2. d4 d5 3. e5 Bf5 4. Nf3 e6 5. Be2 Nd7 6. O-O Ne7 7. b3 c5 8. Bb2 Nc6
9. c3 Qb6 10. Nbd2 cxd4 11. Nxd4 Bg6 12. Nxc6 bxc6 13. c4 d4 14. Nf3 c5 15. Bd3
Be7 16. Re1 a5 17. Bc1 h6 18. Bxg6 fxg6 19. Qd3 Nf8 20. Bd2 Qb7 21. Rab1 Kf7
22. h3 Nd7 23. Nh2 Qc7 24. Qf3+ Nf6 25. exf6 gxf6 26. Qe4 e5 27. f4 Bd6 28.
fxe5 Bxe5 29. Nf3 Rhe8 30. Qd5+ Kg7 31. Nxe5 fxe5 32. Qe4 Re6 33. Rf1 Rae8 34.
Rf3 Rd8 35. Rbf1 Rd7 36. Qa8 Qd8 37. Rf7+ Rxf7 38. Rxf7+ Kxf7 39. Qxd8 e4 40.
Bxh6 Re8 41. Qc7+ Ke6 42. Qc6+ Kf7 43. Qd5+ Re6 44. Qxc5 e3 45. Qf8# 1-0

[Event "II Open I Like Elo"]
[Site "Roma ITA"]
[Date "2009.02.18"]
[Round "6"]
[White "Pala, Giorgio"]
[Black "Simeone, Giulio"]
[Result "1-0"]
[WhiteElo "1962"]
[BlackElo "1983"]
[PlyCount "97"]
[EventDate "2009.01.14"]

1. e4 c6 2. d4 d5 3. Nc3 dxe4 4. Nxe4 Nf6 5. Nxf6+ exf6 6. Nf3 Bd6 7. h3 O-O 8.
Be2 Bf5 9. O-O Re8 10. Be3 Nd7 11. Bd3 Be4 12. Bxe4 Rxe4 13. Qd3 Re6 14. c4 Nc5
15. Qc2 Ne4 16. a3 f5 17. Rad1 f4 18. Bc1 Qf6 19. d5 cxd5 20. Rxd5 Rae8 21. b4
h6 22. Bb2 Qe7 23. Rfd1 Ng5 24. Qd3 Nxf3+ 25. Qxf3 Re1+ 26. Rxe1 Qxe1+ 27. Kh2
Bc7 28. Rd7 Re7 29. Rxe7 Qxe7 30. Bd4 b6 31. Qa8+ Kh7 32. f3 Bd6 33. Qd5 Bc7
34. c5 bxc5 35. bxc5 Bb8 36. c6 Kg8 37. Qd7 Qxd7 38. cxd7 Bc7 39. Bxa7 f5 40.
Bb8 Ba5 41. Bxf4 Kf7 42. h4 Ke7 43. h5 Bc3 44. Bb8 Kxd7 45. Kg3 Bd2 46. Be5 Ke6
47. Bxg7 Kf7 48. Be5 Ke6 49. Bf4 1-0

[Event "II Open I Like Elo"]
[Site "Roma ITA"]
[Date "2009.02.18"]
[Round "6"]
[White "Pastore, Cosmas"]
[Black "Migliozzi, Giuseppe"]
[Result "1-0"]
[WhiteElo "1806"]
[BlackElo "1732"]
[PlyCount "143"]
[EventDate "2009.01.14"]

1. e4 d5 2. exd5 Qxd5 3. Nc3 Qa5 4. d4 Nf6 5. Nf3 c6 6. Bc4 Bf5 7. Ne5 e6 8. g4
Bg6 9. h4 Nbd7 10. Nxg6 hxg6 11. Bd2 Qc7 12. Qe2 O-O-O 13. O-O-O Nb6 14. Bg5
Nxc4 15. Qxc4 Be7 16. Qe2 Rd7 17. Kb1 Rhd8 18. Be3 Bb4 19. Rd3 Bxc3 20. Rxc3
Nd5 21. Ra3 b5 22. Rb3 Qb6 23. c4 Nxe3 24. fxe3 b4 25. c5 Qb7 26. a3 a5 27.
axb4 axb4 28. Qd2 Qb8 29. Rxb4 Rb7 30. Rxb7 Qxb7 31. Qc3 Qb5 32. Re1 Rh8 33.
Qa3 Rxh4 34. Qa8+ Kc7 35. Qf8 Kb7 36. Qxf7+ Ka6 37. Qxe6 Rh2 38. Qc8+ Qb7 39.
Qxb7+ Kxb7 40. Ka2 Rg2 41. Ka3 Rxg4 42. Re2 g5 43. Kb3 Kc7 44. Kc3 Kd7 45. Kd3
Ke6 46. Rf2 Rg3 47. Ke4 g6 48. b4 Rg1 49. b5 cxb5 50. d5+ Ke7 51. Rb2 b4 52.
Ke5 Re1 53. e4 g4 54. Rxb4 Rf1 55. Rb7+ Kf8 56. d6 g3 57. Ke6 g2 58. d7 Rd1 59.
Rb1 g1=Q 60. d8=Q+ Rxd8 61. Rxg1 Kg7 62. c6 Re8+ 63. Kd5 Kf6 64. Re1 Rd8+ 65.
Kc5 Ke5 66. Kb6 Rb8+ 67. Kc7 Rb4 68. Kc8 Kd6 69. c7 g5 70. Kd8 Rd4 71. c8=Q
Ke5+ 72. Ke7 1-0

[Event "II Open I Like Elo"]
[Site "Roma ITA"]
[Date "2009.02.18"]
[Round "6"]
[White "Quimi, Marco"]
[Black "Maggi, Fabrizio"]
[Result "1-0"]
[WhiteElo "2245"]
[BlackElo "2039"]
[PlyCount "77"]
[EventDate "2009.01.14"]

1. c4 f5 2. Nc3 Nf6 3. g3 g6 4. Bg2 Bg7 5. Nf3 d6 6. d4 O-O 7. O-O Nc6 8. d5
Na5 9. Nd2 c5 10. Qc2 e5 11. a3 b6 12. b4 Nb7 13. Nb3 Bd7 14. bxc5 Nxc5 15.
Nxc5 bxc5 16. a4 Qe7 17. Bd2 e4 18. Rab1 Rab8 19. Rxb8 Rxb8 20. Rb1 Rb4 21. Nb5
Rxb1+ 22. Qxb1 Ng4 23. Bf4 Ne5 24. Nxa7 Bxa4 25. Bxe5 Qxe5 26. Qb8+ Bf8 27. Nc6
Qc3 28. Ne7+ Kg7 29. Nxf5+ gxf5 30. Qa7+ Kg6 31. Qxa4 Qb4 32. Qe8+ Kg7 33. Qd7+
Kg6 34. Qe6+ Kg7 35. Qxf5 Qxc4 36. Bxe4 Qxe2 37. h4 c4 38. h5 c3 39. h6+ 1-0

[Event "II Open I Like Elo"]
[Site "Roma ITA"]
[Date "2009.02.18"]
[Round "6"]
[White "Roberti, Bruno"]
[Black "Ruotolo, Claudio"]
[Result "1-0"]
[WhiteElo "1990"]
[BlackElo "1757"]
[PlyCount "87"]
[EventDate "2009.01.14"]

1. e4 e5 2. Nf3 Nc6 3. Bb5 f5 4. d3 fxe4 5. dxe4 Nf6 6. O-O Bc5 7. Qe2 d6 8.
Qc4 Bd7 9. Nc3 Nd4 10. Nxe5 dxe5 11. Qxc5 Qe7 12. Qxe7+ Kxe7 13. Bd3 a6 14. b3
Rae8 15. f3 b5 16. Ba3+ Kd8 17. Ne2 Ne6 18. Bb2 Nc5 19. Rfd1 Kc8 20. Nc3 Kb7
21. Bf1 Re6 22. a4 b4 23. Nd5 a5 24. Bc4 Ree8 25. c3 c6 26. Nxf6 gxf6 27. cxb4
axb4 28. Rac1 Rd8 29. Bf7 Be6 30. Bxe6 Nxe6 31. Kf2 Kb6 32. Ke2 Nc5 33. Rc4 Na6
34. Bc1 c5 35. Be3 Rxd1 36. Kxd1 Rd8+ 37. Ke2 Rd7 38. g4 Rc7 39. h4 Nb8 40.
Rxb4+ Ka7 41. Rb5 Nd7 42. b4 Ka6 43. Bxc5 Rb7 44. Ra5# 1-0

[Event "II Open I Like Elo"]
[Site "Roma ITA"]
[Date "2009.02.18"]
[Round "6"]
[White "Urzi', Silvio"]
[Black "Boccardi, Alessandro"]
[Result "1-0"]
[WhiteElo "1818"]
[BlackElo "1542"]
[PlyCount "105"]
[EventDate "2009.01.14"]

1. c4 Nf6 2. Nc3 g6 3. e4 d6 4. d4 Bg7 5. Nge2 O-O 6. Ng3 e5 7. d5 a5 8. Be2
Na6 9. h4 h5 10. Bg5 Qe8 11. Qd2 Ng4 12. f3 Nf6 13. Bh6 Kh7 14. Bxg7 Kxg7 15.
Nf5+ Bxf5 16. exf5 e4 17. O-O e3 18. Qd4 Nc5 19. fxg6 fxg6 20. g4 Kh7 21. g5
Ng8 22. Ne4 Nxe4 23. fxe4 Qe5 24. Qxe5 dxe5 25. Rxf8 Rxf8 26. Rf1 Rxf1+ 27.
Kxf1 b6 28. Kg2 Ne7 29. Kf3 Nc8 30. Kxe3 Kg7 31. Kd2 Kf7 32. Kc3 Nd6 33. Bd3
Ke7 34. a3 a4 35. Kb4 Nb7 36. Bc2 Nc5 37. Bxa4 Nxe4 38. Bc2 Ng3 39. Kc3 Kf7 40.
Kd3 Nf5 41. b3 Nxh4 42. Ke4 Ng2 43. Kxe5 h4 44. d6 cxd6+ 45. Kxd6 h3 46. Be4
Ne3 47. Kc6 Ke6 48. Kxb6 Ke5 49. Bh1 Nf1 50. c5 Ng3 51. c6 Nxh1 52. c7 Nf2 53.
c8=Q 1-0

[Event "II Open I Like Elo"]
[Site "Roma ITA"]
[Date "2009.02.18"]
[Round "6"]
[White "Vanzan, Alessandro"]
[Black "Sermoneta, Eugenio"]
[Result "1-0"]
[WhiteElo "1788"]
[BlackElo "1784"]
[PlyCount "79"]
[EventDate "2009.01.14"]

1. c4 e5 2. Nc3 Nc6 3. Nf3 g6 4. g3 Bg7 5. Bg2 Nge7 6. O-O O-O 7. d3 d6 8. Rb1
a5 9. Bd2 h6 10. a3 Be6 11. b4 axb4 12. axb4 Rb8 13. b5 Nd4 14. Nxd4 exd4 15.
Na4 b6 16. Qc1 Kh7 17. e4 Qd7 18. Re1 f5 19. f4 Rbe8 20. e5 dxe5 21. fxe5 g5
22. c5 Nd5 23. cxb6 cxb6 24. Qc6 Qf7 25. Nxb6 Rd8 26. Bxd5 Bxd5 27. Nxd5 Qxd5
28. Qxd5 Rxd5 29. e6 Re8 30. b6 Be5 31. b7 Bb8 32. e7 Kg7 33. Rb6 Re5 34. Rxe5
Bxe5 35. Bb4 f4 36. gxf4 Bxf4 37. Bc5 Be5 38. Bd6 Bxd6 39. Rxd6 Kf7 40. Rd8 1-0

[Event "II Open I Like Elo"]
[Site "Roma ITA"]
[Date "2009.02.25"]
[Round "7"]
[White "Arabito, Giuseppe"]
[Black "Castillo, Juan"]
[Result "1-0"]
[WhiteElo "1905"]
[BlackElo "1784"]
[PlyCount "115"]
[EventDate "2009.01.14"]

1. e4 c5 2. Nf3 Nc6 3. d4 cxd4 4. c3 d6 5. cxd4 g6 6. Be2 Bg7 7. Nc3 Nf6 8. h3
O-O 9. O-O Nd7 10. Be3 a6 11. Qd2 Nf6 12. Rad1 Qa5 13. d5 Nb8 14. Nd4 Nbd7 15.
a3 Re8 16. f4 Nf8 17. Bf3 Qd8 18. Rfe1 N6d7 19. Nb3 Nb6 20. Qd3 Bd7 21. Bd4
Bxd4+ 22. Nxd4 Rc8 23. b3 Rc5 24. e5 Qc8 25. Ne4 Rxd5 26. exd6 Bf5 27. dxe7
Nfd7 28. Qc3 Qb8 29. Nxf5 gxf5 30. Nf6+ Nxf6 31. Qxf6 Rxd1 32. Rxd1 Qxf4 33.
Qxb6 Qe5 34. Qxb7 Rxe7 35. Qd5 Qe3+ 36. Kh1 Re5 37. Qd4 f4 38. Qxe3 fxe3 39.
Kg1 f5 40. Kf1 a5 41. Rd5 e2+ 42. Ke1 Re3 43. Rxf5 Kg7 44. Rxa5 Rxb3 45. Kxe2
h5 46. Ra6 h4 47. Kd2 Kf8 48. Ra7 Ke8 49. Kc2 Re3 50. Kb2 Kd8 51. Rh7 Rd3 52.
Rxh4 Re3 53. Rh7 Rd3 54. Rb7 Re3 55. a4 Kc8 56. h4 Rd3 57. h5 Rxf3 58. gxf3 1-0

[Event "II Open I Like Elo"]
[Site "Roma ITA"]
[Date "2009.02.25"]
[Round "7"]
[White "Belli, Alessandro"]
[Black "Iacuitti, Dario"]
[Result "1-0"]
[WhiteElo "1517"]
[BlackElo "1380"]
[PlyCount "63"]
[EventDate "2009.01.14"]

1. e4 e5 2. Nc3 Nf6 3. Bc4 c6 4. Qf3 d6 5. h3 Be6 6. d3 Bxc4 7. dxc4 Be7 8.
Nge2 Na6 9. a3 Nc7 10. O-O b5 11. cxb5 Nxb5 12. Rd1 Nxc3 13. Nxc3 Rb8 14. b3
Qc7 15. Bb2 Rd8 16. Rd2 g5 17. Rad1 Rg8 18. g4 Rh8 19. Qg3 h5 20. Kg2 hxg4 21.
hxg4 Qd7 22. f3 Nh7 23. Ne2 f6 24. Qh2 f5 25. Bxe5 Rb8 26. Bxh8 Nf6 27. Bxf6
Bxf6 28. Rxd6 Qe7 29. Rxf6 Qxf6 30. Qxb8+ Kf7 31. Rd7+ Kg6 32. Qg8+ 1-0

[Event "II Open I Like Elo"]
[Site "Roma ITA"]
[Date "2009.02.25"]
[Round "7"]
[White "Capitani, Roberto"]
[Black "Gerlando, Onofrio"]
[Result "1/2-1/2"]
[WhiteElo "1606"]
[BlackElo "1668"]
[PlyCount "144"]
[EventDate "2009.01.14"]

1. e4 c5 2. c3 Nc6 3. Nf3 e5 4. d4 cxd4 5. cxd4 Bb4+ 6. Bd2 exd4 7. Bxb4 Nxb4
8. Nxd4 Qa5 9. Nc3 Nf6 10. Bd3 a6 11. O-O O-O 12. Bb1 d6 13. a3 Nc6 14. Nxc6
bxc6 15. Qxd6 Bb7 16. Qg3 Rfe8 17. Qh4 Re5 18. f4 Qb6+ 19. Qf2 Qxf2+ 20. Rxf2
Re7 21. e5 Ng4 22. Rd2 c5 23. Be4 Bxe4 24. Nxe4 c4 25. Nd6 Rc7 26. Rc1 Rb8 27.
h3 Nh6 28. Rxc4 Rxc4 29. Nxc4 Nf5 30. Rd7 Rc8 31. Ra7 h5 32. Nd6 Rc1+ 33. Kh2
Ne3 34. Ra8+ Kh7 35. Nxf7 Kg6 36. Ng5 Nf1+ 37. Kg1 Ng3+ 38. Kf2 Nh1+ 39. Ke2
Rc2+ 40. Kd3 Rxb2 41. Rxa6+ Kf5 42. Ke3 Rb3+ 43. Kd4 Kxf4 44. Ne6+ Kg3 45. Nxg7
Kxg2 46. e6 Rb7 47. Nxh5 Kxh3 48. Nf4+ Kg4 49. Nd5 Ng3 50. e7 Nf5+ 51. Ke5 Nxe7
52. Nxe7 Rxe7+ 53. Kd4 Kf4 54. Rf6+ Kg5 55. Rf2 Ra7 56. Ra2 Kf6 57. a4 Ke7 58.
Kc5 Kd8 59. Kb6 Rh7 60. a5 Rh6+ 61. Kc5 Kc8 62. Kb5 Kb7 63. Kc5 Ka6 64. Kb4
Rh4+ 65. Kc3 Rg4 66. Kb3 Rh4 67. Ra4 Rh3+ 68. Kc2 Kb5 69. Ra1 Rh2+ 70. Kd3 Rh3+
71. Ke4 Rh4+ 72. Kf5 Ka6 1/2-1/2

[Event "II Open I Like Elo"]
[Site "Roma ITA"]
[Date "2009.02.25"]
[Round "7"]
[White "Giuliani, Sante"]
[Black "Vanzan, Alessandro"]
[Result "1-0"]
[WhiteElo "1935"]
[BlackElo "1788"]
[PlyCount "125"]
[EventDate "2009.01.14"]

1. Nf3 Nf6 2. g3 g6 3. Bg2 Bg7 4. O-O O-O 5. d3 d6 6. e4 c5 7. c3 Nc6 8. Re1
Qc7 9. Nbd2 Rb8 10. a3 b5 11. Qc2 Bd7 12. Nf1 Rbc8 13. Bg5 b4 14. Ne3 e6 15.
Nc4 e5 16. Qd2 bxc3 17. bxc3 Rfe8 18. a4 Na5 19. Nxa5 Qxa5 20. Qc2 Rb8 21. Nd2
Be6 22. Reb1 Rb6 23. Rxb6 axb6 24. Bxf6 Bxf6 25. c4 Ra8 26. Bf3 Bg5 27. Nf1 Bd7
28. h4 Bh6 29. Bd1 Qe1 30. Qb2 Qa5 31. Rb1 Ra6 32. Kg2 Bc6 33. g4 Bf4 34. Ng3
Bd2 35. Ne2 f5 36. gxf5 gxf5 37. Bc2 f4 38. Kf3 Be8 39. Rg1+ Kf8 40. Nc1 Bh5+
41. Kg2 Bc3 42. Qb1 Qb4 43. Nb3 Rxa4 44. Kh2 Qa3 45. Qf1 Qb2 46. Nxc5 Ra1 47.
Qxa1 Qxa1 48. Rxa1 Bxa1 49. Nd7+ Ke7 50. Nxb6 Bd4 51. Nd5+ Kf7 52. Kg2 Be2 53.
f3 Kg6 54. Ne7+ Kh5 55. Nf5 Bc5 56. Bb1 Bb4 57. Bc2 h6 58. Kf2 Bxd3 59. Bxd3
Bc5+ 60. Ke2 Bg1 61. Ke1 Bh2 62. Kf2 Kg6 63. Kg2 1-0

[Event "II Open I Like Elo"]
[Site "Roma ITA"]
[Date "2009.02.25"]
[Round "7"]
[White "Maggi, Luigi"]
[Black "Urzi', Silvio"]
[Result "1-0"]
[WhiteElo "1864"]
[BlackElo "1818"]
[PlyCount "65"]
[EventDate "2009.01.14"]

1. c4 e6 2. Nc3 d5 3. d4 c5 4. cxd5 exd5 5. Nf3 Nc6 6. g3 Nf6 7. Bg2 Be7 8. O-O
O-O 9. Bg5 Be6 10. Rc1 cxd4 11. Nxd4 h6 12. Bf4 Qd7 13. Nxe6 fxe6 14. e4 d4 15.
e5 dxc3 16. exf6 Qxd1 17. Rfxd1 Bxf6 18. bxc3 Rad8 19. Be3 Rxd1+ 20. Rxd1 Rd8
21. Rxd8+ Nxd8 22. Bxa7 Bxc3 23. Bb6 Nc6 24. Bxc6 bxc6 25. a4 Kf7 26. a5 Bxa5
27. Bxa5 g5 28. h3 h5 29. g4 hxg4 30. hxg4 e5 31. Bd2 Kf6 32. Be3 e4 33. Kf1
1-0

[Event "II Open I Like Elo"]
[Site "Roma ITA"]
[Date "2009.02.25"]
[Round "7"]
[White "Mazza, Maurizio"]
[Black "Colantonio, Marco"]
[Result "1-0"]
[WhiteElo "1711"]
[BlackElo "1695"]
[PlyCount "97"]
[EventDate "2009.01.14"]

1. e4 d6 2. d4 Nf6 3. Nc3 g6 4. Nf3 Bg7 5. Bc4 O-O 6. Bg5 c6 7. O-O b5 8. Bd3
b4 9. Nb1 Nbd7 10. Re1 h6 11. Be3 c5 12. c3 Bb7 13. Nbd2 Ng4 14. Bf4 e5 15.
dxe5 Ndxe5 16. Bc2 Qb6 17. Nxe5 dxe5 18. Bg3 Rad8 19. Qxg4 Rxd2 20. Rac1 bxc3
21. bxc3 Qb2 22. Bb3 h5 23. Qxg6 Qxb3 24. Qxg7+ Kxg7 25. axb3 f6 26. f3 a6 27.
Red1 Rfd8 28. Rxd2 Rxd2 29. Bf2 c4 30. b4 Bc6 31. Kf1 Bb5 32. Be3 Rd3 33. Kf2
Kg6 34. g3 f5 35. exf5+ Kxf5 36. h3 e4 37. g4+ hxg4 38. fxg4+ Kg6 39. h4 Bd7
40. h5+ Kf7 41. g5 Bg4 42. h6 Bf5 43. Ra1 Rxc3 44. Rxa6 Rb3 45. Rf6+ Kg8 46.
Rxf5 Rxb4 47. g6 Rb7 48. Bc5 Rc7 49. Rf8# 1-0

[Event "II Open I Like Elo"]
[Site "Roma ITA"]
[Date "2009.02.25"]
[Round "7"]
[White "Migliozzi, Giuseppe"]
[Black "Bitossi, Massimo"]
[Result "0-1"]
[WhiteElo "1732"]
[BlackElo "1971"]
[PlyCount "114"]
[EventDate "2009.01.14"]

1. Nf3 c5 2. c4 Nc6 3. b3 e5 4. d3 g6 5. Bb2 Bg7 6. Nc3 Nge7 7. e3 O-O 8. Be2
d6 9. O-O f5 10. Rc1 h6 11. a3 a6 12. Qc2 Rb8 13. Rfd1 g5 14. g3 f4 15. exf4 g4
16. Nh4 Nd4 17. Qb1 Nxb3 18. Rc2 Nd4 19. Rcd2 exf4 20. Ne4 f3 21. Bxd4 fxe2 22.
Rxe2 Bxd4 23. Rde1 Nf5 24. Ng6 Bd7 25. Nxf8 Qxf8 26. Qc1 Qg7 27. Kf1 Bc6 28.
Qf4 Qg6 29. Nxd6 Nxd6 30. Re6 Qxd3+ 31. Kg1 Nf5 32. Qxb8+ Kh7 33. Qc7+ Ng7 34.
Qf7 Qf5 35. Qxf5+ Nxf5 36. Kf1 Bc3 37. Rc1 Bb2 38. Rd1 Bxa3 39. Rd8 Bb2 40. Rc8
a5 41. Ra8 Bc3 42. Rf8 Ng7 43. Re3 Bd4 44. Ra3 a4 45. f3 gxf3 46. h4 Bb2 47.
Re3 a3 48. Ra8 b5 49. Ra6 bxc4 50. Rexa3 Bxa3 51. Rxc6 c3 52. Ke1 Nf5 53. Rc7+
Kg6 54. Rc6+ Kf7 55. h5 c2 56. Rc7+ Ke6 57. g4 c1=Q+ 0-1

[Event "II Open I Like Elo"]
[Site "Roma ITA"]
[Date "2009.02.25"]
[Round "7"]
[White "Pala, Giorgio"]
[Black "Quimi, Marco"]
[Result "0-1"]
[WhiteElo "1962"]
[BlackElo "2245"]
[PlyCount "72"]
[EventDate "2009.01.14"]

1. e4 c5 2. Nf3 d6 3. Bb5+ Nd7 4. O-O Ngf6 5. Re1 e5 6. c3 Be7 7. d4 Qc7 8.
Nbd2 O-O 9. Nf1 a6 10. Bd3 Re8 11. Ng3 b5 12. Bg5 h6 13. Bd2 exd4 14. cxd4 cxd4
15. Nxd4 Nc5 16. Rc1 Qb6 17. Be3 Ng4 18. Bb1 Nxe3 19. Rxe3 Bg5 20. b4 Ne6 21.
Ndf5 Bxe3 22. Nxe3 Bb7 23. Ngf5 Rac8 24. Rxc8 Bxc8 25. Nxd6 Rd8 26. Nef5 Kf8
27. e5 Bb7 28. Qh5 Qc7 29. h3 Rd7 30. Kh2 Qc1 31. Nxb7 Rxb7 32. Nd6 Qf4+ 33.
Kg1 Rc7 34. Bd3 Rc1+ 35. Bf1 Rxf1+ 36. Kxf1 Qc1+ 0-1

[Event "II Open I Like Elo"]
[Site "Roma ITA"]
[Date "2009.02.25"]
[Round "7"]
[White "Roberti, Bruno"]
[Black "Di Mauro, Giuseppe"]
[Result "1/2-1/2"]
[WhiteElo "1990"]
[BlackElo "1943"]
[PlyCount "113"]
[EventDate "2009.01.14"]

1. e4 e6 2. d4 d5 3. Nd2 Nf6 4. e5 Nfd7 5. Bd3 c5 6. c3 cxd4 7. cxd4 Nc6 8. Ne2
Qb6 9. Nf3 Bb4+ 10. Bd2 Bxd2+ 11. Qxd2 Qb4 12. Rc1 Qxd2+ 13. Nxd2 a6 14. O-O
O-O 15. Nb3 Rd8 16. f4 Nb4 17. Bb1 a5 18. a3 Nc6 19. Bd3 Ne7 20. g4 b6 21. Rc7
Ba6 22. Bxa6 Rxa6 23. Rfc1 Kf8 24. Nd2 Raa8 25. Nf1 Rac8 26. Ne3 Ke8 27. f5
Rxc7 28. Rxc7 Rc8 29. Rxc8+ Nxc8 30. Nf4 Ke7 31. fxe6 fxe6 32. h4 Na7 33. Kf2
Nc6 34. Nc2 b5 35. b3 Nb6 36. Nd3 a4 37. b4 Nc4 38. Ke2 Kf7 39. Nc5 Ke7 40. g5
Kf7 41. h5 g6 42. h6 Ke7 43. Nd3 Nd8 44. Nde1 Nf7 45. Nf3 Nd8 46. Nfe1 Nc6 47.
Nd3 Nd8 48. Nde1 Nf7 49. Nf3 Kd7 50. Kf2 Nd8 51. Kg3 Nf7 52. Kg4 Ke7 53. Kh4
Kf8 54. Kg4 Ke7 55. Kf4 Kf8 56. Kg4 Ke7 57. Kf4 1/2-1/2

[Event "II Open I Like Elo"]
[Site "Roma ITA"]
[Date "2009.02.25"]
[Round "7"]
[White "Ruotolo, Claudio"]
[Black "Attanasi, Salvatore"]
[Result "1-0"]
[WhiteElo "1757"]
[BlackElo "1858"]
[PlyCount "85"]
[EventDate "2009.01.14"]

1. f4 d5 2. b3 Bg4 3. h3 Bh5 4. g4 e6 5. Nf3 Bg6 6. Bb2 h5 7. Bg2 Nd7 8. e3 h4
9. O-O Ngf6 10. Nc3 c5 11. g5 Ne4 12. Nxe4 Bxe4 13. d3 Bxf3 14. Qxf3 Qb6 15. f5
O-O-O 16. fxe6 fxe6 17. c4 d4 18. exd4 cxd4 19. Rac1 Bc5 20. Rfe1 e5 21. a3
Rhf8 22. Qe4 Rf4 23. Qd5 Qc7 24. b4 Be7 25. c5 Nf8 26. Qxe5 Qxe5 27. Rxe5 Rf7
28. Rce1 Rd7 29. c6 bxc6 30. Bxc6 Rc7 31. Bd5 Bxg5 32. Rxg5 Rfe7 33. Rxe7 Rxe7
34. Be4 Rc7 35. Rc5 Rxc5 36. bxc5 Kc7 37. Bxd4 Ne6 38. Be5+ Kd8 39. d4 Ng5 40.
Bg2 Ne6 41. Kf2 Ke7 42. Kf3 g5 43. Kg4 1-0

[Event "II Open I Like Elo"]
[Site "Roma ITA"]
[Date "2009.02.25"]
[Round "7"]
[White "Sermoneta, Eugenio"]
[Black "De Lisa, Carmine"]
[Result "1-0"]
[WhiteElo "1784"]
[BlackElo "1734"]
[PlyCount "55"]
[EventDate "2009.01.14"]

1. c4 e5 2. Nc3 Nf6 3. Nf3 d6 4. g3 Be7 5. Bg2 O-O 6. d4 exd4 7. Nxd4 c6 8. e4
Re8 9. O-O Nbd7 10. Nf5 Ne5 11. Nxe7+ Qxe7 12. b3 Bg4 13. f3 Bh5 14. h3 c5 15.
g4 Bg6 16. f4 Nexg4 17. hxg4 Nxe4 18. Nxe4 Bxe4 19. Re1 Qh4 20. Rxe4 Qg3 21.
Qe2 Kf8 22. Bd2 Rxe4 23. Qxe4 Re8 24. Qf3 Qh4 25. Rd1 Re6 26. f5 Re7 27. Qh3
Qf6 28. Bf4 1-0